Loading...
| Literature - World | 0 | 6 | 0 | 0 | 60 | 81 | 103.33 | 1 | 6 | 0.00 | 0.00 |
| Fine Arts - Classical Music | 0 | 5 | 0 | 1 | 50 | 88 | 107.40 | 1 | 5 | 0.00 | 0.00 |
| Literature - European | 0 | 5 | 0 | 1 | 50 | 53 | 102.00 | 2 | 5 | 0.00 | 0.00 |
| Social Science | 0 | 4 | 0 | 0 | 40 | 47 | 77.50 | 2 | 4 | 0.00 | 0.00 |
| History - American | 0 | 4 | 0 | 0 | 40 | 57 | 70.75 | 1 | 4 | 0.00 | 0.00 |
| Science - Biology | 0 | 4 | 1 | 0 | 35 | 68 | 87.25 | 0 | 4 | 0.00 | 0.00 |
| Fine Arts - Other | 0 | 3 | 0 | 0 | 30 | 30 | 58.33 | 2 | 3 | 0.00 | 0.00 |
| Literature - American | 0 | 3 | 0 | 0 | 30 | 97 | 104.00 | 0 | 3 | 0.00 | 0.00 |
| Religion | 0 | 3 | 0 | 1 | 30 | 88 | 106.33 | 1 | 2 | 0.00 | 0.00 |
| History - World | 0 | 2 | 0 | 0 | 20 | 39 | 64.50 | 1 | 2 | 0.00 | 0.00 |
| Philosophy | 0 | 2 | 0 | 0 | 20 | 86 | 87.50 | 1 | 2 | 0.00 | 0.00 |
| Science - Physics | 0 | 2 | 0 | 1 | 20 | 109 | 116.50 | 0 | 2 | 0.00 | 0.00 |
| Literature - British | 0 | 2 | 1 | 0 | 15 | 131 | 134.50 | 2 | 2 | 0.00 | 0.00 |
| History - European | 0 | 1 | 0 | 0 | 10 | 65 | 65.00 | 0 | 1 | 0.00 | 0.00 |
| Science - Chemistry | 0 | 1 | 0 | 0 | 10 | 53 | 53.00 | 0 | 1 | 0.00 | 0.00 |
| Mythology | 0 | 1 | 0 | 0 | 10 | 105 | 105.00 | 1 | 1 | 0.00 | 0.00 |
| Current Events | 0 | 1 | 0 | 0 | 10 | 97 | 97.00 | 0 | 1 | 0.00 | 0.00 |
| Science - Other | 0 | 1 | 1 | 0 | 5 | 83 | 83.00 | 0 | 1 | 0.00 | 0.00 |